|
|
|
|
| LEADER |
01442nam a22003854a 4500 |
| 001 |
EBC282756 |
| 003 |
MiAaPQ |
| 005 |
20200520144314.0 |
| 006 |
m o d | |
| 007 |
cr cn||||||||| |
| 008 |
000222s2000 ctua s 001 0 eng |
| 010 |
|
|
|z 00025462
|
| 020 |
|
|
|z 0275969959
|
| 020 |
|
|
|z 0275970736 (pbk.)
|
| 035 |
|
|
|a (MiAaPQ)EBC282756
|
| 035 |
|
|
|a (Au-PeEL)EBL282756
|
| 035 |
|
|
|a (CaPaEBR)ebr10017947
|
| 035 |
|
|
|a (OCoLC)935262873
|
| 040 |
|
|
|a MiAaPQ
|c MiAaPQ
|d MiAaPQ
|
| 050 |
|
4 |
|a HC79.T4
|b F57 2000
|
| 082 |
0 |
4 |
|a 382
|2 21
|
| 100 |
1 |
|
|a Fitzgerald, Edmund B.,
|d 1926-
|
| 245 |
1 |
0 |
|a Globalizing customer solutions
|h [electronic resource] :
|b the enlightened confluence of technology, innovation, trade, and investment /
|c Edmund B. Fitzgerald.
|
| 260 |
|
|
|a Westport, Conn. :
|b Praeger,
|c 2000.
|
| 300 |
|
|
|a xiii, 160 p. :
|b ill.
|
| 500 |
|
|
|a Includes index.
|
| 533 |
|
|
|a Electronic reproduction. Ann Arbor, MI : ProQuest, 2015. Available via World Wide Web. Access may be limited to ProQuest affiliated libraries.
|
| 650 |
|
0 |
|a Technological innovations
|x Economic aspects.
|
| 650 |
|
0 |
|a Information technology
|x Economic aspects.
|
| 650 |
|
0 |
|a International trade.
|
| 650 |
|
0 |
|a Investments, Foreign.
|
| 650 |
|
0 |
|a Competition, International.
|
| 655 |
|
4 |
|a Electronic books.
|
| 710 |
2 |
|
|a ProQuest (Firm)
|
| 856 |
4 |
0 |
|u https://ebookcentral.proquest.com/lib/matrademy/detail.action?docID=282756
|z Click to View
|